50 Best players in Geometry Dash - Statistics

General Stats
  • This quiz has been taken 29 times
  • The average score is 12 of 50
Answer Stats
Country Answer Hardest lvl % Correct
United States Zoink Tidal Wave
100%
United States Trick Tidal Wave
94%
United States wPopoff Tidal Wave
94%
United States Doggie Silent Clubstep
72%
United Kingdom Whizkid05 Anathema
50%
United Kingdom Cursed Tunnel of Despair
44%
United States Netermind Acheron
44%
Portugal Taiago Avernus
44%
Ukraine SerVax Avernus
39%
Russia Nickname Acheron
33%
Australia PersonHuman42 Spectre
33%
United States Thnnder Acheron
33%
Australia ViperVenom95 Abyss of Darkness
33%
Russia teraaa Anathema
28%
Russia Arshadow Avernus
22%
Russia Light Acheron
22%
Germany Mizukii Avernus
22%
South Korea Seturan Silent Clubstep
22%
Romania Amza Kyouki
17%
United States Cookie Kyouki
17%
Argentina Hipo Slaughterhouse
17%
Austria Hover Acheron
17%
United Kingdom iliLaSeRili Spectre
17%
Netherlands JesseGamingGD Acheron
17%
Finland kloone Kyouki
17%
South Korea Laniakea Abyss of Darkness
17%
Moldova loliklee Avernus
17%
Australia SnowBallerr Acheron
17%
Norway Tunax Acheron
17%
Peru Abdieldevil Avernus
11%
Denmark Axinity Acheron
11%
United States Bigthunder556 Saul Goodman
11%
Japan cobrablitz Kyouki
11%
Brazil DibiiziCookie Abyss of Darkness
11%
Spain eastshark Slaughterhouse
11%
United States Hqmy Acheron
11%
Russia roze [GD] Acheron
11%
Italy skzyl poocubed
11%
Spain Superjavicon Deimos
11%
Russia Vorten Tunnel of Despair
11%
Russia w3rty Acheron
11%
New Zealand zLevii Kyouki
11%
France zThund3r Acheron
11%
Russia Andreya6 Avernus
6%
Russia BONN GD Deimos
6%
United States ColossalOrange Slaughterhouse
6%
FInland Jerpaa Slaughterhouse
6%
Russia Kopyedz Acheron
6%
Chile manu Kyouki
6%
Romania Quivert Acheron
6%
No matching quizzes found
Score Distribution
Percent of People with Each Score
Percentile by Number Answered
Your Score History
You have not taken this quiz